000 00598nam a2200193Ia 4500
005 20250326144911.0
008 250326s9999 xx 000 0 und d
020 _a978-0-87389-683-2
037 _aTextbook
040 _aFMSL
_beng
_cFMSL
041 _aeng
_2eng
084 _aX:86 P6
_qFMSL
100 _aReidenbach R E
_9744528
245 0 _aStrategic six sigma for champions : keys to sustainable competitive advantage
_cReidenbach R E; Goeke R W
260 _aWisconsin
_bWisconsin, ASQ Quality
_c2006
300 _axv,131
942 _cTB
_hX:86 P6
999 _c1305531
_d1305531